000 00349nam a2200145Ia 4500
008 191201s2005 xx 000 0 und d
082 _a621.3822
_bPRD
100 _aPROAKIS, John G
245 0 _aDigital Signal Processing
250 _a3rd
260 _aN.Delhi
_bPearson Education
_c2005
300 _a984
650 _aB.Tech(ECE)
942 _2ddc
_cBK
999 _c919
_d919